La Atlántida / (Record no. 167212)

MARC details
000 -LEADER
campo de control de longitud fija 00722nam a2200205 i 4500
001 - NÚMERO DE CONTROL
campo de control 167212
003 - IDENTIFICADOR DE NÚMERO DE CONTROL
campo de control ES-MaACL
005 - FECHA Y HORA DE LA ÚLTIMA TRANSACCIÓN
campo de control 20250919135046.0
008 - DATOS DE LONGITUD FIJA--INFORMACIÓN GENERAL
campo de control de longitud fija 050921q1907 sp | |||||||| ||spa d
080 ## - NÚMERO DE LA CLASIFICACIÓN DECIMAL UNIVERSAL
Número de la Clasificación Decimal Universal 821.134.1-14"18"
100 1# - ENTRADA PRINCIPAL--NOMBRE DE PERSONA
Nombre de persona Verdaguer, Jacint,
Fechas asociadas al nombre 1845-1902
9 (RLIN) 113998
245 13 - MENCIÓN DEL TÍTULO
Título La Atlántida /
Mención de responsabilidad, etc. Jacinto Verdaguer ; traducción de Melchor de Palau.
260 ## - PUBLICACIÓN, DISTRIBUCIÓN, ETC.
Lugar de publicación, distribución, etc. Madrid ;
-- Barcelona :
Nombre del editor, distribuidor, etc. Ibero-Americana,
Fecha de publicación, distribución, etc. [1907]
300 ## - DESCRIPCIÓN FÍSICA
Extensión 182 p. ;
Dimensiones 16 cm.
490 1# - MENCIÓN DE SERIE
Mención de serie Oro viejo y oro nuevo ;
Designación de volumen o secuencia 11
700 1# - ENTRADA AGREGADA--NOMBRE PERSONAL
Nombre de persona Palau y Catalá, Melchor de,
Fechas asociadas al nombre 1843-1910
9 (RLIN) 130794
830 1# - PUNTO DE ACCESO ADICIONAL DE SERIE-TÍTULO UNIFORME
Título uniforme Oro viejo y oro nuevo ;
Designación de volumen o secuencia 11
9 (RLIN) 222602
852 4# - LOCALIZACIÓN
Ubicación ES-MaACL
Número de control de estantería G-10163
Nota libre - Enc. pasta española
Holdings
Estatus retirado Estado de pérdida Estado de daño No para préstamo Biblioteca de origen Biblioteca actual Ubicación en estantería Fecha de adquisición Fuente de adquisición Total de préstamos Signatura topográfica completa Código de barras Visto por última vez Precio de reemplazo Tipo de ítem Koha
        Biblioteca del Ateneo de Madrid Biblioteca del Ateneo de Madrid Sala Pecera Planta 3 17/01/2008     G-10163 1175406 23/02/2023 23/02/2023 Libro impreso